Philipperbrief
Saved in:
| Hovedforfatter: | |
|---|---|
| Format: | Bog |
| Sprog: | tysk |
| Udgivet: |
Stuttgart
Katolisches Bibelwerk
1986
|
| Udgivelse: | 1a. ed |
| Serier: | Neues Testament, 11
|
| Fag: | |
| Tags: |
Tilføj Tag
Ingen Tags, Vær først til at tagge denne postø!
|
MARC
| LEADER | 00000cam a2200000 a 4500 | ||
|---|---|---|---|
| 001 | UCE7518 | ||
| 003 | CL-VaPUC | ||
| 008 | 150626e19860000gw |||||||||||||||||ger|d | ||
| 020 | |a 346015411X | ||
| 082 | 0 | 4 | |a 227.86 |b MAY |2 21 |
| 100 | |a Mayer, Bernhard |e autor |9 580163 | ||
| 245 | 1 | 0 | |a Philipperbrief |
| 246 | 1 | 0 | |a Philemonbrief |
| 250 | |a 1a. ed | ||
| 300 | |a 103 p | ||
| 942 | |c BK | ||
| 945 | |d 20150626 15:30:00 |a dcastane | ||
| 260 | |a Stuttgart |b Katolisches Bibelwerk |c 1986 | ||
| 650 | 0 | |a Apóstoles |9 444286 | |
| 650 | 0 | |a Cartas apostólicas |9 373744 | |
| 583 | |a last modification |c 20150626 15:30:00 |k Rodrigo Vera | ||
| 490 | 0 | |a Neues Testament, 11 | |
| 999 | |c 359586 |d 359584 | ||
| 952 | |0 0 |1 0 |3 erb |4 0 |6 227_860000000000000_MAY_1986 |7 0 |8 A |9 468853 |a BIBTEO |b BIBTEO |e Casale Rolle, Carlos Ignacio, -2014 |i 5182247 |o 227.86 MAY 1986 |p 5182247 |r 2025-01-17 |w 2019-11-23 |y BK |z Catalogado en:20150626 |k ICR | ||